000 01299nam a2200361 a 4500
003 CO-BoRNBP
005 20241010142433.0
007 ta
008 150217s2010 mx o gr 00010bspa d
020 _a9786071601742
040 _aCO-BoBLA
_bspa
_cCO-BoBLA
041 1 _aspa
_hger
084 _aN GOT1
100 1 _aGottschalk, Maren,
_d1962-
_942894
245 1 0 _aReinas :
_bcinco soberanas y sus biografías /
_cMaren Gottschalk ; traducción de Ofelia Arruti.
250 _a1a. edición
300 _a164 páginas ;
_c23 cm.
336 _2rdacontent
_atexto
_btxt
337 _2rdamedia
_asin mediación
_bn
338 _2rdacarrier
_avolumen
_bnc
490 0 _aA través del espejo
504 _aIncluye referencias bibliográficas (páginas 161-164)
534 _tKöniginnen. Fünf herrscherinnen und ihre lebensgeschichten.
600 0 7 _aIsabel
_d1533-1603
_v Biografías.
_942895
600 0 7 _aCatalina
_d1729-1796
_v Biografías.
_942896
600 0 7 _aLeonor de Aquitania,
_d1122?-1204
_v Biografías.
_942897
600 0 7 _aIsabel
_d1451-1504
_v Biografías.
_942898
600 1 7 _aCristina,
_d1626-1689
_v Biografías.
_942899
650 7 _aReinas
_v Biografías.
_2BLAAUTO
_942900
700 1 _aArruti, Ofelia,
_etraductor.
_942901
942 _2ddc
_cBKLIT
949 _an
_bn
999 _c38424
_d38424